|
|
|
|
| LEADER |
00000cam a22000004a 4500 |
| 001 |
musev2_29935 |
| 003 |
MdBmJHUP |
| 005 |
20230905043152.0 |
| 006 |
m o d |
| 007 |
cr||||||||nn|n |
| 008 |
090918s2004 nju o 00 0 eng d |
| 020 |
|
|
|a 9781400826377
|
| 020 |
|
|
|z 9780691119328
|
| 020 |
|
|
|z 9780691119311
|
| 035 |
|
|
|a (OCoLC)437034012
|
| 040 |
|
|
|a MdBmJHUP
|c MdBmJHUP
|
| 100 |
1 |
|
|a Chhibber, Pradeep K.,
|d 1956-
|e author.
|
| 245 |
1 |
4 |
|a The Formation of National Party Systems :
|b Federalism and Party Competition in Canada, Great Britain, India, and the United States /
|c Pradeep Chhibber, Ken Kollman.
|
| 264 |
|
1 |
|a Princeton, N.J. :
|b Princeton University Press,
|c 2004.
|
| 264 |
|
3 |
|a Baltimore, Md. :
|b Project MUSE,
|c 2015
|
| 264 |
|
4 |
|c ©2004.
|
| 300 |
|
|
|a 1 online resource (272 pages):
|b illustrations
|
| 336 |
|
|
|a text
|b txt
|2 rdacontent
|
| 337 |
|
|
|a computer
|b c
|2 rdamedia
|
| 338 |
|
|
|a online resource
|b cr
|2 rdacarrier
|
| 505 |
0 |
|
|a Electoral competition at the constituency level -- Party aggregation -- From local notables to party competition -- Centralization and provincialization -- Dynamics of party aggregation -- Party aggregation in four countries.
|
| 520 |
|
|
|a Pradeep Chhibber and Ken Kollman rely on historical data spanning back to the eighteenth century from Canada, Great Britain, India, and the United States to revise our understanding of why a country's party system consists of national or regional parties. They demonstrate that the party systems in these four countries have been shaped by the authority granted to different levels of government.
|
| 546 |
|
|
|a English.
|
| 588 |
|
|
|a Description based on print version record.
|
| 650 |
|
7 |
|a Political parties.
|2 fast
|0 (OCoLC)fst01069410
|
| 650 |
|
7 |
|a Federal government.
|2 fast
|0 (OCoLC)fst00922333
|
| 650 |
|
7 |
|a Comparative government.
|2 fast
|0 (OCoLC)fst00871341
|
| 650 |
|
7 |
|a POLITICAL SCIENCE
|x Political Process
|x Political Parties.
|2 bisacsh
|
| 650 |
|
0 |
|a Comparative government.
|
| 650 |
|
0 |
|a Federal government
|x History
|v Case studies.
|
| 650 |
|
0 |
|a Political parties
|x History
|v Case studies.
|
| 655 |
|
7 |
|a Études de cas.
|2 rvmgf
|
| 655 |
|
7 |
|a Case studies.
|2 lcgft
|
| 655 |
|
7 |
|a History.
|2 fast
|0 (OCoLC)fst01411628
|
| 655 |
|
7 |
|a Case studies.
|2 fast
|0 (OCoLC)fst01423765
|
| 655 |
|
7 |
|a Electronic books.
|2 local
|
| 700 |
1 |
|
|a Kollman, Ken,
|d 1966-
|e author.
|
| 710 |
2 |
|
|a Project Muse.
|e distributor
|
| 830 |
|
0 |
|a Book collections on Project MUSE.
|
| 856 |
4 |
0 |
|z Texto completo
|u https://projectmuse.uam.elogim.com/book/29935/
|
| 945 |
|
|
|a Project MUSE - Custom Collection
|
| 945 |
|
|
|a Project MUSE - Archive Complete Supplement III
|
| 945 |
|
|
|a Project MUSE - Archive Political Science and Policy Studies Supplement III
|